La sociedad autogestionada (Record no. 70394)

MARC details
000 -LEADER
campo de control de longitud fija 00596nam a2200181 i 4500
001 - NÚMERO DE CONTROL
campo de control 70394
003 - IDENTIFICADOR DE NÚMERO DE CONTROL
campo de control ES-MaACL
005 - FECHA Y HORA DE LA ÚLTIMA TRANSACCIÓN
campo de control 20240605131134.0
007 - CAMPO FIJO DE DESCRIPCIÓN FÍSICA--INFORMACIÓN GENERAL
campo de control de longitud fija t|
008 - DATOS DE LONGITUD FIJA--INFORMACIÓN GENERAL
campo de control de longitud fija 040722s1972 sp ||||1| spa d
100 1# - ENTRADA PRINCIPAL--NOMBRE DE PERSONA
Nombre de persona García San Miguel, Luis.
9 (RLIN) 55254
245 13 - MENCIÓN DEL TÍTULO
Título La sociedad autogestionada
Resto del título : una utopía democrática /
Mención de responsabilidad, etc. Luis García San Miguel ; prólogo: Dionisio Ridruejo.
260 ## - PUBLICACIÓN, DISTRIBUCIÓN, ETC.
Lugar de publicación, distribución, etc. [Madrid] :
Nombre del editor, distribuidor, etc. Seminarios y Ediciones,
Fecha de publicación, distribución, etc. [1972]
300 ## - DESCRIPCIÓN FÍSICA
Extensión 192 p. ;
Dimensiones 18 cm.
700 1# - ENTRADA AGREGADA--NOMBRE PERSONAL
Nombre de persona Ridruejo, Dionisio,
Fechas asociadas al nombre 1912-1975
9 (RLIN) 97065
852 ## - LOCALIZACIÓN
Ubicación ES-MaACL
Número de control de estantería C-53171
Sublocalización o colección R.84452
Holdings
Estatus retirado Estado de pérdida Estado de daño No para préstamo Biblioteca de origen Biblioteca actual Ubicación en estantería Fecha de adquisición Fuente de adquisición Total de préstamos Signatura topográfica completa Código de barras Visto por última vez Precio de reemplazo Tipo de ítem Koha
        Biblioteca del Ateneo de Madrid Biblioteca del Ateneo de Madrid Depósito 2 17/01/2008     C-53171 1073713 23/02/2023 23/02/2023 Libro impreso